000 00628nam a2200205 a 4500
001 000015932
005 20240412074244.0
008 100222s2008 dr r 000 p spa d
020 _a9789945161809
040 _aDO-SdBNP
_bspa
_cBNPHU
082 _aRD861.44
_bR789e
100 1 _aRosario Mena, Juan Antonio
_935821
245 1 0 _aEn el otro sendero /
_cJuan Antonio Rosario Mena.
260 _aSanto Domingo :
_bDragón,
_c2008.
300 _a75 p. ;
_c20 cm.
590 _aInventariado, 2018/BT
650 0 _aPoesía dominicana
_966
650 0 _aLiteratura dominicana.
_967
910 _aValidado. Control de calidad. MMOLINA
999 _c15474
_d15474